000 00831nam a22003135a 4500
001 14588735
003 OSt
005 20140310181631.0
008 061010s2006 iau 000 0 eng
010 _a 2006936165
020 _a1853261262
020 _a9781421830261 (pbk.)
020 _a9781421831268 (ebk.)
040 _aDLC
_cDLC
050 _aPR 4762
_b.H791 1994
082 _aCLA H77r
_b1994
100 1 _aHope, Anthony.
_93514
245 1 0 _aRupert of Hentzau /
_cAnthony Hope.
250 _a1st ed.
260 _aFairfield, IA :
_b1st World Library - Literary Society,
_c1994
263 _a0610
300 _a224 p. :
_c18cm.
541 _j1
562 _e1
650 _aclassics
_92808
906 _a0
_bibc
_corignew
_d2
_eepcn
_f20
_gy-gencatlg
942 _2lcc
_cBBK
_kCLA
999 _c533
_d533